01227nam a2200265 i 4500001000700000003000900007005001700016007000300033008004100036080002100077100004900098245020500147246004900352246005700401250013800458260003800596300002200634490003800656700002600694700002100720740004000741830003800781852005200819852009000871106044ES-MaACL20251115063249.0t|060922s1947 ag |||| | spa d a821.134.2-31"15"1 aLuján de Sayavedra, Mateo, dca. 1560-160410aSegunda parte de la vida del pícaro Guzmán de Alfarache / cpor Mateo Luján de Sayavedra b. Historia del abencerraje y la hermosa Jarifa / por Antonio de Villegas / [prólogo, Luisa Sofovich].10aHistoria del abencerraje y la hermosa Jarifa10iPrecede al tít.aNovelistas anteriores a Cervantes aEd. publ. en homenaje al 4º Centenario del Nacimiento de don Miguel de Cervantes Saavedra, 1547-1947 bal cuidado de Luisa Sofovich. aBuenos Aires : bLautaro, c1947. a213 p. ; c19 cm.1 aPingüino ; vCL 1. aClásicos1 aVillegas, Antonio de.1 aSofovich, Luisa.32aEl abencerraje y la hermosa Jarifa.0 aPingüino ; vCL 1. aClásicos aES-MaACLjAND-711 z. - Biblioteca Juan Andrade aES-MaACLjL-31658 z. - Donat. herederos de la bibl. de Mª del Pilar Costa Palacín